000
00299nam a22001337a 4500
008
181101b xxu||||| |||| 00| 0 eng d
020
_a
9780131913219
041
_a
eng
080
_a
710
100
_a
45
101
_a
ART
245
_a
Drawnig The Light From Within
_c
Cornel
942
_2
udc
_c
BK
999
_c
51560
_d
51560